|
|
|
|
| LEADER |
00000nam0a2200000 4500 |
| 001 |
140083 |
| 005 |
20231031141946.0 |
| 010 |
|
|
|a 1402029063
|
| 035 |
|
|
|a (RuTPU)RU\TPU\book\151754
|
| 090 |
|
|
|a 140083
|
| 100 |
|
|
|a 20080619d2004 k y0engy50 ba
|
| 101 |
0 |
|
|a eng
|
| 102 |
|
|
|a GB
|
| 105 |
|
|
|a a z 001zy
|
| 200 |
1 |
|
|a Advanced Biomaterials for Medical Applications
|f D. W. Thomas
|
| 210 |
|
|
|a London
|c Kliwer Academic Publishers
|d 2004
|
| 215 |
|
|
|a 200 p.
|c il.
|
| 320 |
|
|
|a Библиогр. в конце ст.
|
| 610 |
1 |
|
|a медицина
|
| 610 |
1 |
|
|a медицинские материалы
|
| 610 |
1 |
|
|a биоматериалы
|
| 610 |
1 |
|
|a применение
|
| 610 |
1 |
|
|a английский язык
|
| 675 |
|
|
|a 615.4
|v 3
|
| 700 |
|
1 |
|a Thomas
|b D. W.
|g David W.
|
| 801 |
|
1 |
|a RU
|b 63413507
|c 20080619
|g PSBO
|
| 801 |
|
2 |
|a RU
|b 63413507
|c 20080627
|g PSBO
|
| 942 |
|
|
|c BK
|